000 00806nam a2200217Ia 4500
005 20241129110935.0
008 241129s9999||||xx |||||||||||||| ||und||
020 _a978-81-95152-0-2
037 _aTB
040 _aCRL
_bhin
_cCRL
041 _ahin
_2hin
084 _aR693 152R1
_qCRL
100 _aयादव, बी. आर., ले.
245 0 _aजैन दर्शन अनेकान्तवाद और उसकी व्यावहारिक उपादेयता
_cयादव, बी. आर., ले.
260 _aनई दिल्ली, भारत
_bयूनिवर्सिटी पब्लिकेशन
_c2021
300 _a111पृ0
365 _aINR
_b600
650 _aPhilosophy
942 _cTB
_hR693 152R1
999 _c1228198
_d1228198